[Event "Philadelphia National op 40th"]
[Site "Philadelphia"]
[Date "2009.11.29"]
[Round "5"]
[White "Stripunsky, Alexander"]
[Black "Zaikov, Oleg"]
[Result "1-0"]
[WhiteElo "2556"]
[BlackElo "2385"]
[PlyCount "73"]
[EventDate "2009.11.27"]
[EventType "swiss"]
[EventRounds "6"]
[EventCountry "USA"]
[SourceTitle "CBM 133 Extra"]
[Source "ChessBase"]
[SourceDate "2010.01.05"]
[SourceVersion "1"]
[SourceVersionDate "2010.01.05"]
[SourceQuality "1"]

1. e4 c5 2. Ne2 d6 3. g3 Nf6 4. Bg2 Nc6 5. 0-0 e5 6. c3 Be7 7. d4 cxd4 8. cxd4 0-0 9. Nbc3 Bg4 10. f3 exd4 11. Nxd4 Nxd4 12. Qxd4 Be6 13. Be3 d5 14. e5 Nd7 15. f4 Bc5 16. Qd3 d4 17. Bxd4 Nxe5 18. Rad1 Bxd4+ 19. Qxd4 Nc6 20. Bxc6 bxc6 21. f5 Bd5 22. f6 Be6 23. Qe5 gxf6 24. Rxf6 Qb6+ 25. Rf2 Rad8 26. Qg5+ Kh8 27. Qf6+ Kg8 28. Qg5+ Kh8 29. Qf6+ Kg8 30. Re1 Qd4 31. Re5 h6 32. h4 Kh7 33. Ne4 Qd1+ 34. Rf1 Qd3 35. Qf4 Bc4 36. Rf2 Kg7 37. Rg5+ 1-0

[Event "USA tt"]
[Site "ICC INT"]
[Date "2009.10.05"]
[Round "6"]
[White "Esserman, Marc"]
[Black "Zaikov, Oleg"]
[Result "1-0"]
[WhiteElo "2394"]
[BlackElo "2385"]
[PlyCount "39"]
[EventDate "2009.08.31"]
[EventType "team (rapid)"]
[EventRounds "10"]
[EventCountry "USA"]
[SourceTitle "CBM 132 Extra"]
[Source "ChessBase"]
[SourceDate "2009.11.03"]
[SourceVersion "1"]
[SourceVersionDate "2009.11.03"]
[SourceQuality "1"]

1. e4 e5 2. Nf3 Nc6 3. Nc3 f5 4. d4 fxe4 5. Nxe5 Nf6 6. Bc4 d5 7. Nxd5 Nxd5 8. Qh5+ g6 9. Nxg6 hxg6 10. Qxg6+ Kd7 11. Bxd5 Nxd4 12. Bg5 Qe8 13. Bf7 Qe5 14. 0-0-0 c5 15. c3 Kc7 16. cxd4 cxd4 17. Kb1 Bf5 18. Rc1+ Kd7 19. Qf6 Bg7 20. Be6+ 1-0

[Event "USA tt"]
[Site "ICC INT"]
[Date "2009.09.08"]
[Round "2"]
[White "Zaikov, Oleg"]
[Black "Shmeliov, Denis"]
[Result "1/2-1/2"]
[WhiteElo "2385"]
[BlackElo "2360"]
[PlyCount "51"]
[EventDate "2009.08.31"]
[EventType "team (rapid)"]
[EventRounds "10"]
[EventCountry "USA"]
[SourceTitle "CBM 132 Extra"]
[Source "ChessBase"]
[SourceDate "2009.11.03"]
[SourceVersion "1"]
[SourceVersionDate "2009.11.03"]
[SourceQuality "1"]

1. d4 Nf6 2. c4 e6 3. Nf3 c5 4. d5 d6 5. Nc3 exd5 6. cxd5 g6 7. e4 Bg7 8. h3 0-0 9. Bd3 Nh5 10. 0-0 Nd7 11. Re1 Ne5 12. Be2 Nxf3+ 13. Bxf3 Qh4 14. Bxh5 gxh5 15. Be3 f5 16. exf5 Bxf5 17. Qd2 Rf7 18. Bf4 Bd4 19. Nb5 Bxh3 20. Nxd4 Rxf4 21. Ne6 Bxg2 22. Kxg2 Qg4+ 23. Kh2 Qh4+ 24. Kg2 Qg4+ 25. Kh2 Qh4+ 26. Kg2 1/2-1/2

[Event "Philadelphia National op 39th"]
[Site "Philadelphia"]
[Date "2008.11.29"]
[Round "4"]
[White "Kacheishvili, Giorgi"]
[Black "Zaikov, Oleg"]
[Result "1-0"]
[WhiteElo "2572"]
[BlackElo "2380"]
[PlyCount "43"]
[EventDate "2008.11.28"]
[EventType "swiss"]
[EventRounds "6"]
[EventCountry "USA"]
[SourceTitle "CBM 127 Extra"]
[Source "ChessBase"]
[SourceDate "2009.01.08"]
[SourceVersion "2"]
[SourceVersionDate "2009.01.28"]
[SourceQuality "1"]

1. d4 Nf6 2. c4 c5 3. d5 b5 4. cxb5 a6 5. b6 Qxb6 6. Nc3 d6 7. Nf3 g6 8. e4 Bg4 9. Qa4+ Bd7 10. Qc2 Bb5 11. Qb3 Nbd7 12. Nxb5 axb5 13. Bxb5 Rb8 14. a4 Nxe4 15. 0-0 Bg7 16. Re1 f5 17. Ng5 0-0 18. Ne6 Bd4 19. Nxd4 cxd4 20. f3 Nec5 21. Qd1 f4 22. b4 1-0

[Event "USA tt"]
[Site "ICC INT"]
[Date "2008.10.29"]
[Round "10"]
[White "Bartell, Thomas"]
[Black "Zaikov, Oleg"]
[Result "1-0"]
[WhiteElo "2361"]
[BlackElo "2380"]
[PlyCount "73"]
[EventDate "2008.10.22"]
[EventType "team-tourn"]
[EventRounds "10"]
[EventCountry "USA"]
[SourceTitle "EXT 2009"]
[Source "ChessBase"]
[SourceDate "2008.11.26"]
[SourceVersion "1"]
[SourceVersionDate "2008.11.26"]
[SourceQuality "1"]

1. Nf3 Nf6 2. c4 g6 3. g3 Bg7 4. Bg2 0-0 5. 0-0 d6 6. d4 Nc6 7. Nc3 a6 8. b3 Bf5 9. Bb2 Qc8 10. d5 Na5 11. Re1 c5 12. Qd2 Ne4 13. Nxe4 Bxb2 14. Nxd6 exd6 15. Qxb2 b5 16. Qc3 Qd8 17. e4 Bg4 18. Nd2 Rb8 19. e5 dxe5 20. Qxe5 bxc4 21. bxc4 Bf5 22. Be4 Bh3 23. Bd3 Rb6 24. Rab1 Rxb1 25. Rxb1 Nc6 26. Qf4 Nd4 27. Nf3 Qa5 28. Nxd4 cxd4 29. Qh4 Qc3 30. Qxh3 Qxd3 31. Qf1 Qc2 32. Rd1 Qc3 33. Qd3 Rc8 34. d6 Rd8 35. Qxd4 Qf3 36. c5 h5 37. Qd5 1-0

[Event "USA tt"]
[Site "ICC INT"]
[Date "2008.10.13"]
[Round "8"]
[White "Zaikov, Oleg"]
[Black "Molner, Mackenzie"]
[Result "1-0"]
[WhiteElo "2380"]
[BlackElo "2337"]
[PlyCount "73"]
[EventDate "2008.10.22"]
[EventType "team-tourn"]
[EventRounds "10"]
[EventCountry "USA"]
[SourceTitle "CBM 126 Extra"]
[Source "ChessBase"]
[SourceDate "2008.11.05"]
[SourceVersion "1"]
[SourceVersionDate "2008.11.05"]
[SourceQuality "1"]

1. d4 Nf6 2. c4 c5 3. d5 b5 4. cxb5 a6 5. bxa6 g6 6. Nc3 Bxa6 7. Nf3 d6 8. g3 Bg7 9. Bg2 Nbd7 10. Rb1 Qa5 11. Bd2 0-0 12. b3 Qc7 13. 0-0 Nb6 14. Ne1 Bb7 15. Bc1 Rfd8 16. a4 e6 17. dxe6 fxe6 18. Bxb7 Qxb7 19. Bd2 Qc6 20. Qc2 d5 21. Nd3 Nbd7 22. Rfe1 Rf8 23. Bf4 Nh5 24. e4 Nxf4 25. gxf4 c4 26. Nb4 cxb3 27. Rxb3 Qc4 28. exd5 Nc5 29. Rbb1 Qxc3 30. dxe6 Rxa4 31. e7 Re8 32. Qd1 Qc4 33. Nd5 Ne4 34. Nb6 Qd4 35. Nxa4 Qxf2+ 36. Kh1 Qxf4 37. Qd5+ 1-0

[Event "USA tt"]
[Site "ICC INT"]
[Date "2008.09.17"]
[Round "4"]
[White "Sarkar, Justin"]
[Black "Zaikov, Oleg"]
[Result "0-1"]
[WhiteElo "2416"]
[BlackElo "2380"]
[PlyCount "114"]
[EventDate "2008.10.22"]
[EventType "team-tourn"]
[EventRounds "10"]
[EventCountry "USA"]
[SourceTitle "CBM 126 Extra"]
[Source "ChessBase"]
[SourceDate "2008.11.05"]
[SourceVersion "1"]
[SourceVersionDate "2008.11.05"]
[SourceQuality "1"]

1. d4 Nf6 2. c4 c5 3. d5 b5 4. cxb5 a6 5. bxa6 g6 6. Nc3 Bxa6 7. g3 d6 8. Bg2 Bg7 9. Nf3 Nbd7 10. Rb1 0-0 11. 0-0 Qa5 12. Bd2 Rfb8 13. Qc2 Nb6 14. b3 Qa3 15. Bc1 Qa5 16. Bd2 Qa3 17. Rfd1 Nbxd5 18. Bc1 Nb4 19. Qd2 Qa5 20. a3 Nc6 21. b4 cxb4 22. axb4 Rxb4 23. Rxb4 Nxb4 24. Bb2 Bb7 25. Ra1 Qc5 26. Rxa8+ Bxa8 27. Ba3 Qa5 28. Nb1 Nc6 29. Qc2 Qb6 30. Nbd2 Ng4 31. Ne4 Ne3 32. Qa2 Nxg2 33. Neg5 Nd8 34. Bxd6 Bxf3 35. Bxe7 Qc7 36. Nxf3 Qxe7 37. Kxg2 Bf6 38. h4 h5 39. Qc4 Kg7 40. Kf1 Qe6 41. Qd3 Qh3+ 42. Kg1 Ne6 43. e3 Qg4 44. Qd5 Nc5 45. Kg2 Ne4 46. Ne5 Bxe5 47. Qxe5+ Nf6 48. f3 Qc4 49. Qb2 Qc6 50. e4 Kh7 51. Qb3 Qe6 52. Qb2 Nd7 53. Qd4 Ne5 54. Qc3 Qa2+ 55. Kh3 Qb1 56. Kg2 Nd3 57. Qc7 Qa2+ 0-1

[Event "USA tt"]
[Site "ICC INT"]
[Date "2008.08.27"]
[Round "1"]
[White "Andrews, Todd D"]
[Black "Zaikov, Oleg"]
[Result "0-1"]
[WhiteElo "2315"]
[BlackElo "2380"]
[PlyCount "64"]
[EventDate "2008.10.22"]
[EventType "team-tourn"]
[EventRounds "10"]
[EventCountry "USA"]
[SourceTitle "CBM 126 Extra"]
[Source "ChessBase"]
[SourceDate "2008.11.05"]
[SourceVersion "1"]
[SourceVersionDate "2008.11.05"]
[SourceQuality "1"]

1. e4 c5 2. Nf3 d6 3. d4 cxd4 4. Nxd4 Nf6 5. Nc3 a6 6. Bc4 e6 7. Bb3 Nbd7 8. Bg5 Nc5 9. f4 Be7 10. Qf3 Qc7 11. f5 Bd7 12. 0-0 0-0 13. Kh1 b5 14. Qh3 Nxb3 15. axb3 b4 16. fxe6 fxe6 17. Nxe6 Qc8 18. Nd5 Nxd5 19. Rxf8+ Qxf8 20. exd5 Bxg5 21. Qg4 Bxe6 22. dxe6 Qf4 23. Qe2 Bf6 24. Rf1 Qe5 25. Qc4 Qb5 26. Qf4 Qe2 27. Rg1 Qxe6 28. Qxb4 Bxb2 29. Qb7 Re8 30. Qxa6 Bd4 31. Rf1 Qe2 32. Qxe2 Rxe2 0-1

[Event "Philadelphia National op 38th"]
[Site "Philadelphia"]
[Date "2007.11.24"]
[Round "3"]
[White "Fishbein, Alexander"]
[Black "Zaikov, Oleg"]
[Result "1/2-1/2"]
[WhiteElo "2524"]
[BlackElo "2381"]
[PlyCount "60"]
[EventDate "2007.11.23"]
[EventType "swiss"]
[EventRounds "6"]
[EventCountry "USA"]
[SourceTitle "EXT 2012"]
[Source "ChessBase"]
[SourceDate "2011.11.24"]
[SourceVersion "1"]
[SourceVersionDate "2011.11.24"]
[SourceQuality "1"]

1. e4 c5 2. Nf3 d6 3. d4 cxd4 4. Nxd4 Nf6 5. Nc3 a6 6. a4 e5 7. Nf3 Be7 8. Bg5 Be6 9. Bxf6 Bxf6 10. Nd5 Nd7 11. Bc4 Rc8 12. Ba2 Nb6 13. c3 Nxd5 14. Bxd5 Qb6 15. 0-0 0-0 16. a5 Qxb2 17. Bxe6 fxe6 18. Qxd6 Rc6 19. Qb4 Qxb4 20. cxb4 Rc4 21. Rab1 Rxe4 22. Rfc1 Re2 23. Kf1 Ra2 24. Rc4 Be7 25. Rd1 Rf4 26. Rxf4 exf4 27. Rd7 Bxb4 28. Rxb7 Bxa5 29. Ng5 Rd2 30. Ra7 Rd6 1/2-1/2

[Event "USA tt"]
[Site "ICC INT"]
[Date "2006.11.01"]
[Round "10"]
[White "Zaikov, Oleg"]
[Black "Wheeler, Jerry"]
[Result "1-0"]
[WhiteElo "2394"]
[BlackElo "2163"]
[PlyCount "55"]
[EventDate "2006.08.30"]
[EventType "team-tourn"]
[EventRounds "10"]
[EventCountry "USA"]
[SourceTitle "CBM 114 Extra"]
[Source "ChessBase"]
[SourceDate "2006.11.03"]
[SourceVersion "1"]
[SourceVersionDate "2006.11.03"]
[SourceQuality "1"]
[WhiteTeam "Carolina Cobras"]
[BlackTeam "Tennessee Tempo"]
[WhiteTeamCountry "USA"]
[BlackTeamCountry "USA"]

1. d4 Nf6 2. Nf3 g6 3. c4 c5 4. d5 b5 5. Qc2 Bg7 6. e4 d6 7. cxb5 a6 8. Nc3 0-0 9. a4 e6 10. dxe6 fxe6 11. e5 Nd5 12. Qe4 Bb7 13. Be2 Ra7 14. Qg4 Nxc3 15. bxc3 Bxf3 16. Bxf3 Bxe5 17. Qxe6+ Kh8 18. 0-0 axb5 19. a5 b4 20. Bh6 Re8 21. Qc4 bxc3 22. Rfe1 Qf6 23. h4 Qd8 24. Bg5 d5 25. Qxc5 Rc7 26. Qb6 Qd7 27. Rxe5 Rc6 28. Rxe8+ 1-0

[Event "USA tt"]
[Site "ICC INT"]
[Date "2006.09.13"]
[Round "3"]
[White "Kaufman, Raymond"]
[Black "Zaikov, Oleg"]
[Result "0-1"]
[WhiteElo "2274"]
[BlackElo "2394"]
[PlyCount "62"]
[EventDate "2006.08.30"]
[EventType "team-tourn"]
[EventRounds "10"]
[EventCountry "USA"]
[SourceTitle "CBM 114 Extra"]
[Source "ChessBase"]
[SourceDate "2006.11.03"]
[SourceVersion "1"]
[SourceVersionDate "2006.11.03"]
[SourceQuality "1"]
[WhiteTeam "Baltimore"]
[BlackTeam "Carolina Cobras"]
[WhiteTeamCountry "USA"]
[BlackTeamCountry "USA"]

1. d4 Nf6 2. c4 c5 3. d5 b5 4. cxb5 a6 5. b6 Qxb6 6. Nc3 d6 7. e4 g6 8. Nf3 Bg4 9. Qa4+ Bd7 10. Qc2 Bb5 11. a4 Bxf1 12. Kxf1 Bg7 13. g3 0-0 14. Kg2 Nbd7 15. Nd2 Rab8 16. Nc4 Qc7 17. Bd2 Ng4 18. f4 Rb4 19. b3 Nb6 20. h3 Nxc4 21. bxc4 Nf6 22. Qd3 Rfb8 23. Rae1 Nd7 24. e5 dxe5 25. f5 Nb6 26. fxg6 hxg6 27. Ne4 Rxa4 28. Ng5 Nxc4 29. Rhf1 Rb2 30. Re2 e4 31. Qxe4 Qe5 0-1

[Event "Western States op"]
[Site "Reno"]
[Date "2005.10.14"]
[Round "1"]
[White "Milov, Vadim"]
[Black "Zaikov, Oleg"]
[Result "1-0"]
[WhiteElo "2645"]
[BlackElo "2337"]
[PlyCount "73"]
[EventDate "2005.10.14"]
[EventType "swiss"]
[EventRounds "6"]
[EventCountry "USA"]
[SourceTitle "EXT 2009"]
[Source "ChessBase"]
[SourceDate "2008.11.26"]
[SourceVersion "1"]
[SourceVersionDate "2008.11.26"]
[SourceQuality "1"]

1. d4 Nf6 2. c4 c5 3. d5 b5 4. Nf3 g6 5. cxb5 a6 6. b6 Qxb6 7. Nc3 d6 8. e4 Nbd7 9. a4 a5 10. Bb5 Bg7 11. 0-0 0-0 12. Re1 Ne8 13. Bg5 Qd8 14. Qd2 Nc7 15. Bc6 Ra6 16. Bh6 Nb6 17. Bxg7 Kxg7 18. e5 Bg4 19. exd6 exd6 20. Ne4 Bxf3 21. Qc3+ f6 22. Qxf3 f5 23. Nd2 Qf6 24. Qb3 Nc8 25. Nc4 Ra7 26. Bb7 Kh6 27. Re3 f4 28. Re4 Qf5 29. f3 Nxd5 30. Bxc8 Qxc8 31. Rd1 Qc6 32. Re6 Rb7 33. Qd3 Nb4 34. Qd2 Qxa4 35. Nxd6 Rc7 36. Qe1 Kg7 37. Ne8+ 1-0

[Event "Las Vegas National op"]
[Site "Las Vegas"]
[Date "2004.06.20"]
[Round "6"]
[White "Zaikov, Oleg"]
[Black "Kraai, Jesse"]
[Result "1/2-1/2"]
[WhiteElo "2302"]
[BlackElo "2446"]
[PlyCount "76"]
[EventDate "2004.06.18"]
[EventType "swiss"]
[EventRounds "6"]
[EventCountry "USA"]
[SourceTitle "CBM 100 Extra"]
[Source "ChessBase"]
[SourceDate "2004.07.06"]
[SourceVersion "2"]
[SourceVersionDate "2004.07.06"]
[SourceQuality "1"]

1. d4 e6 2. c4 b6 3. a3 Bb7 4. Nc3 Nf6 5. Nf3 d5 6. cxd5 Nxd5 7. e3 Be7 8. Bb5+ c6 9. Bd3 0-0 10. 0-0 Ba6 11. e4 Nxc3 12. bxc3 c5 13. Bf4 Bd6 14. Bxd6 Qxd6 15. e5 Qe7 16. h4 Bxd3 17. Qxd3 Nd7 18. Ng5 g6 19. Qh3 Rac8 20. Rad1 cxd4 21. cxd4 Rc6 22. f4 Rfc8 23. Rf3 b5 24. Ne4 f5 25. Nd6 Rxd6 26. exd6 Qxd6 27. Rc3 Rc4 28. Rxc4 bxc4 29. Qc3 Qxf4 30. Qxc4 Qe3+ 31. Kh1 Nb6 32. Qc7 Qxa3 33. Qb8+ Kf7 34. Qh8 h5 35. Qh7+ Kf6 36. Qh8+ Kf7 37. Qh7+ Kf6 38. Qh8+ Kf7 1/2-1/2